000 00494nam a2200193 a 4500
001 1774864342170
003 YourLibrary
005 20260330152418.0
008 260330s1997##################000#0#eng##
020 _a9783906757537
082 0 4 _a352.3094897
_bLAN
100 1 _aLumijärvi, Ismo,
_eauthor.
245 1 0 _aSteering and Auditing :
260 _c1997.
300 _a144 pages
650 0 _aAdministrative agencies.
942 _cENGLISH
040 _aYourLibrary
_beng
_cYourLibrary
999 _c618273
_d618273